Apuntes para una crítica feminista del neoliberalismo /

Kaydedildi:
Detaylı Bibliyografya
Yazar: León, Irene
Materyal Türü: Metin
Konular:
Etiketler: Etiketle
Etiket eklenmemiş, İlk siz ekleyin!

MARC

LEADER 00000 a a2200000 04500
001 734
003
040
100 |a León, Irene  
245 |a Apuntes para una crítica feminista del neoliberalismo /  |c Irene León 
650 |a FEMINISMO  
650 |a GLOBALIZACION  
650 |a DERECHOS DE LA MUJER  
650 |a PARTICIPACION DE LA MUJER  
650 |a ROL DE LA MUJER  
773 |g volumen 26, número 351; páginas 22-24  
999 |c 33895  |d 33895